La Santa espada

Furkejuvvon:
Bibliográfalaš dieđut
Váldodahkki: Dobraczyski, Jan (Dahkki)
Materiálatiipa: Girji
Giella:espánnjágiella
Almmustuhtton: Barcelona Herder 1959
Preanttus:1a. ed
Fáttát:
Fáddágilkorat: Lasit fáddágilkoriid
Eai fáddágilkorat, Lasit vuosttaš fáddágilkora!

MARC

LEADER 00000nam a2200000 a 4500
001 UCJ8178
003 CL-VaPUC
008 070124e19590000SP |||||||||||||||||spa|d
082 0 4 |a 891  |b DOB  |2 21 
100 0 |a Dobraczyski, Jan  |e author  |9 516886 
245 1 3 |a La Santa espada 
250 |a 1a. ed 
300 |a 422 p 
942 |c BK 
945 |d 20070124 00:00:00  |a rinostro 
260 |a Barcelona  |b Herder  |c 1959 
600 0 7 |a PABLO DE TARSO  |2 CL-VaPUC  |9 411123 
650 7 |a NOVELA POLACA  |2 CL-VaPUC  |9 516887 
650 0 |a Hechos de los apóstoles  |9 483141 
583 |a last modification  |c 20070124 00:00:00  |k Rodrigo Vera 
999 |c 323967  |d 323965 
952 |0 0  |1 0  |4 0  |6 891_000000000000000_DOB_1959  |7 0  |8 X  |9 403841  |a FDOBUD  |b FDOBUD  |d 2019-11-22  |i 1074059  |o 891 DOB 1959  |p 1074059  |r 2019-11-22  |w 2019-11-22  |y BK_X  |k BUD